Представление документа в формате RUSMARC

ПолеНазваниеЗначение
  Тип записи a
  Библиографический уровень c
001 Контрольный номер RU/IS/BASE/323867644
005 Дата корректировки 20201206204438.8
010 Индекс ISBN __
d Цена 0-75
101 Язык документа __
a Язык текста rus
c Язык оригинала rus
200 Заглавие и сведения об ответственности 0_
a Заглавие Избранное
f Первые сведения об ответственности Михаил Пришвин ; [сост., ст. и примеч. И. Мотяшова]
b Общее обозначение материала Текст
205 Сведения об издании __
a Основные сведения об издании Переизд.
210 Выходные данные __
a Место издания М.
c Издательство Моск. рабочий
d Дата издания 1975
215 Физическое описание __
a Объем 349, [2] с.
225 Серия __
a Серия Школьная библиотека
327 Примечание о содержании __
a Примечание о содержании Курымушка
330 Аннотация __
a Аннотация Произведения Пришвина пронизаны светлым мироощущением и неотразимым обаянием, они пробуждают и воспитывают в читатели чувство Родины.
600 Персоналии __
a Персоналии (Фамилия) Пришвин, М. М.
f Даты 1873-1954
g Полное имя Михаил Михайлович
600 Персоналии __
a Персоналии (Фамилия) Ленин, В. И.
c Дополнение к имени Ульянов В. И.
f Даты 1870-1924
g Полное имя Владимир Ильич
606 Тематические рубрики __
a Основная рубрика Художественная литература
z Хронологическая подрубрика 20 в.
y Географическая подрубрика Россия; СССР
606 Тематические рубрики __
a Основная рубрика Русская литература XX в. (произведения)
610 Ключевые слова __
a Ключевые слова повести; тема Родины; патриотическая тема; тема природы; рассказы; прозаики; тема животных
686 Индексы других классификаций __
a Классификационный индекс 84(2Рос=Рус)6-4
700 Автор _1
a Фамилия Пришвин
b Имя М. М.
g Полное личное имя Михаил Михайлович
4 Код отношения 070
702 Вторичная интеллектуальная ответственность _1
a Фамилия Мотяшов
b Имя И.
4 Код отношения Составитель
4 Код отношения 220
4 Код отношения 080
801 Источник записи _0
a Страна RU
b Организация Муниципальное бюджетное учреждение культуры "Централизованная библиотечная система" г. Сургут (Центральная городская библиотека им. А. С. Пушкина)
g Правила каталогизации КиК/Поспелова
801 Источник записи _1
a Страна RU
b Организация Муниципальное бюджетное учреждение культуры "Централизованная библиотечная система" г. Сургут (Центральная городская библиотека им. А. С. Пушкина)
g Правила каталогизации КиК/Поспелова
852 Данные о местонахождении __
j Шифр хранения 84(2Рос=Рус)6-4
c Каталожный индекс 84(2Рос=Рус)6-4
i Авторский знак П 77
p Инвентарный номер 38822(с)
901 Тип документа 1_
t Тип документа x
903 Характеристики (МАРС) __
a Дата передачи 20061128
969 Тип издания __
a Тип издания сборник
990 Данные о заказе (DOS) __
j Количество экземпляров (DOS) 1
t N записи в КСУ для И/У (DOS) ретро